000
00260nam a2200109Ia 4500
008
190912s9999||||xx |||||||||||||| ||und||
100
_a
Kh. Sarwar Hasan
245
4
_a
The Genesis of Pakistan
260
_a
Karachi
_b
McGraw-Hill
_c
1996
300
_a
32
942
_c
BK
999
_c
7380
_d
7380